00836nam a2200253Ia 450000500170000000800410001702000150005804100080007308200150008110000180009624501010011425000220021530000270023749000290026465000270029365000290032065000300034970000370037926400430041633600270045933700330048633800280051904000350054720220316235755.0121119s2002 sp gr 000 0 spa  a84830745081 aspa04a297 bR17Y1 aRashid, Ahmed10aYihad bel auge del islamismo en Asia central cAhmed rashid ; traducción, Emilio Gómez Vega aPrimera edición a313 páginas c23 cm.0 aPenínsula. Atalayav9014aYihad xHistoria2LEMB14aIslamismo y estado2LEMB14aGuerra y religión2LEMB1 aGómez Vega, Emilio etraductor aBarcelonabEdiciones Penínsulac2002 atextobtxt2rdacontent asin mediaciónbn2rdamedia avolumenbnc2rdacarrier aCO-BoRNBPbspaerdacCO-BoRNBP